Countries With Officially Established, Recognized, or State-Supported Religions - Statistics

General Stats
  • This quiz has been taken 310 times
  • The average score is 38 of 57
Answer Stats
Hint Answer % Correct
Shia Islam Iran
94%
Wahhabi Islam Saudi Arabia
92%
Islam Iraq
90%
Judaism Israel
90%
Ibadi Islam Oman
90%
Wahhabi Islam United Arab Emirates
88%
Wahhabi Islam Qatar
87%
Roman Catholic Vatican City
86%
Lutheran Denmark, the Faroe Islands, and Greenland
85%
Islam Egypt
85%
Lutheran Norway
85%
Lutheran Sweden
84%
Lutheran Finland
83%
Islam Pakistan
83%
Islam Algeria
82%
Theravada Buddhism Thailand
82%
Islam Bahrain
81%
Eastern Orthodox Greece
80%
Islam Morocco
79%
Theravada Buddhism Cambodia
78%
Roman Catholic Italy
78%
Islam Kuwait
78%
Islam Afghanistan
76%
Islam Libya
76%
Vajrayana Buddhism Bhutan
74%
Islam Jordan
74%
Islam Tunisia
74%
Lutheran Iceland
73%
Islam Mauritania
69%
Islam Malaysia
66%
Roman Catholic Andorra
65%
Roman Catholic Poland
65%
Islam Somalia
63%
Roman Catholic Malta
62%
Islam Brunei
61%
Theravada Buddhism Myanmar
61%
Roman Catholic Argentina
60%
Eastern Orthodox Bulgaria
59%
Roman Catholic Monaco
58%
Eastern Orthodox Georgia
56%
Roman Catholic Liechtenstein
56%
Islam Djibouti
53%
Islam Maldives
52%
Roman Catholic Costa Rica
51%
Roman Catholic Peru
51%
Anglican England, the Isle of Man, Jersey, and Guernsey
50%
Islam Comoros
49%
Roman Catholic Panama
43%
Roman Catholic El Salvador
42%
Roman Catholic Paraguay
42%
Christianity Hungary
40%
Methodism Tonga
36%
Roman Catholic Dominican Republic
32%
Calvinism Tuvalu
31%
Christianity Samoa
30%
Calvinism Scotland
26%
Christianity Zambia
22%
No matching quizzes found
Score Distribution
Percent of People with Each Score
Percentile by Number Answered
Your Score History
You have not taken this quiz